Statistics for Six Flags Over Texas - Roller Coasters

Click here to take the quiz!

General Stats

  • This quiz has been taken 268 times
    (265 since last reset)
  • The average score is 7 of 12

Answer Stats

Answer% Correct
Texas Giant
86%
Batman The Ride
83%
Mr Freeze - Reverse Blast
83%
Titan
81%
Shock Wave
58%
Judge Roy Scream
52%
Runaway Mine Train
49%
Mini Mine Train
42%
Runaway Mountain
41%
Flashback
34%
La Vibora
31%
Pandemonium
30%

Score Distribution

Percentile by Number Answered

Percent of People with Each Score

Your Score History

You have not taken this quiz since the last reset